Theorie et critique des faits sociaux

محفوظ في:
التفاصيل البيبلوغرافية
المؤلف الرئيسي: Rezsohazy, Rudolf
التنسيق: نص
منشور في: Bruxelles: La Renaissance Du Livre
الوسوم: إضافة وسم
لا توجد وسوم, كن أول من يضع وسما على هذه التسجيلة!

MARC

LEADER 00000 a a2200000 04500
001 39120
003
040
090 |a 0002 R467t  
100 |a Rezsohazy, Rudolf  
245 |a Theorie et critique des faits sociaux  
260 |a Bruxelles:   |b La Renaissance Du Livre  
300 |a 239 p.  
999 |c 16672  |d 16672